[Event "AUT2o-chT"]
[Site "Lackenbach"]
[Date "2000.11.18"]
[Round "3.1"]
[White "Wirius, Stefan"]
[Black "Videki, Sandor"]
[Result "1-0"]
[WhiteElo "2327"]
[BlackElo "2404"]
[PlyCount "101"]
[EventDate "2000.11.18"]

1. d4 Nf6 2. Nf3 g6 3. c4 Bg7 4. Nc3 O-O 5. e4 d6 6. h3 Na6 7. Bg5 Qe8 8. Be2
e5 9. dxe5 dxe5 10. Nd2 c6 11. O-O Nc5 12. Be3 Qe7 13. b4 Ne6 14. c5 Rd8 15.
Qb1 Nf4 16. Nc4 Ne8 17. Qc2 Qg5 18. Bxf4 exf4 19. e5 Bxh3 20. Bf3 Be6 21. Ne4
Qf5 22. Rab1 Bxe5 23. b5 Rd4 24. Nxe5 Qxe5 25. bxc6 bxc6 26. Rfe1 Bf5 27. Qc3
Rxe4 28. Qxe5 Rxe5 29. Rxe5 Bxb1 30. Bxc6 Rc8 31. Bxe8 Bxa2 32. Bd7 Rc7 33. c6
Kg7 34. Rb5 Be6 35. Rb7 Bxd7 36. Rxc7 Be6 37. Rxa7 Kf6 38. f3 Ke5 39. Rd7 Kf6
40. Rd4 Ke7 41. c7 Bd7 42. Kf2 g5 43. Ke1 h5 44. Kd2 h4 45. Kd3 f6 46. Ke4 Ke6
47. Rc4 Bc8 48. Rc6+ Ke7 49. Ra6 Kd7 50. Rxf6 Kxc7 51. Rg6 1-0

[Event "AUT2o-chT"]
[Site "Lackenbach"]
[Date "2000.11.18"]
[Round "3.2"]
[White "Neumeier, Klaus"]
[Black "Ligezinski, Martin"]
[Result "1-0"]
[WhiteElo "2306"]
[BlackElo "2162"]
[PlyCount "79"]
[EventDate "2000.11.18"]

1. e4 d5 2. exd5 Qxd5 3. Nc3 Qa5 4. d4 c6 5. Bc4 Nf6 6. Nf3 Bf5 7. Ne5 e6 8. g4
Bg6 9. h4 Nbd7 10. Nxd7 Kxd7 11. h5 Be4 12. Rh3 Bd5 13. Bxd5 Nxd5 14. Bd2 Nxc3
15. Bxc3 Bb4 16. Qe2 Bxc3+ 17. Rxc3 Qd5 18. O-O-O Rad8 19. Ra3 a6 20. c4 Qg5+
21. Kb1 Kc8 22. Qf3 Rd7 23. Qe4 Rhd8 24. Rad3 h6 25. a3 Kb8 26. Ka2 Ka8 27. f3
Kb8 28. Qe1 Qf4 29. Qc3 Ka8 30. Qb4 Qd6 31. Qd2 Qg3 32. Qe3 Kb8 33. Qe4 Ka8 34.
Qh7 f6 35. Qe4 Qd6 36. f4 Re7 37. Qe3 Kb8 38. g5 Rde8 39. gxf6 gxf6 40. Rg1 1-0

[Event "AUT2o-chT"]
[Site "Lackenbach"]
[Date "2000.11.18"]
[Round "3.4"]
[White "Wandl, Werner"]
[Black "Wirius, Johannes"]
[Result "1-0"]
[WhiteElo "2162"]
[BlackElo "2239"]
[PlyCount "109"]
[EventDate "2000.11.18"]

1. e4 e6 2. d4 d5 3. exd5 exd5 4. Nf3 Bd6 5. c4 c6 6. Nc3 Ne7 7. Bg5 f6 8. Be3
Be6 9. c5 Bc7 10. b4 O-O 11. Qd2 Nd7 12. Bf4 a5 13. b5 Ng6 14. Bxc7 Qxc7 15. b6
Qb8 16. g3 Bg4 17. Bg2 Qe8+ 18. Ne2 Qe6 19. O-O Qf5 20. Qc3 Rfe8 21. Rae1 Re4
22. Nc1 Rae8 23. Re3 a4 24. Rfe1 Ndf8 25. Nd2 Rxe3 26. Rxe3 Rxe3 27. Qxe3 Qc2
28. Nf1 Bd7 29. Qd2 Qb1 30. Qc3 Ne6 31. Nd2 Qf5 32. Nf3 h5 33. a3 Qb1 34. Nd2
Qf5 35. Nf3 Qb1 36. Bf1 Qf5 37. Qd3 Ne7 38. Qxf5 Nxf5 39. Bh3 Nh6 40. Bxe6+
Bxe6 41. Nd3 Bg4 42. Nd2 Be2 43. Nb4 Bb5 44. Nb1 Nf5 45. Nc3 Nxd4 46. Nxb5 Nxb5
47. Nxc6 Nxa3 48. Ne7+ Kf7 49. c6 Nc2 50. cxb7 a3 51. b8=Q a2 52. Qa7 a1=Q+ 53.
Qxa1 Nxa1 54. Nxd5 Nb3 55. b7 1-0

[Event "AUT2o-chT"]
[Site "Lackenbach"]
[Date "2000.11.18"]
[Round "3.1"]
[White "Sommerbauer, Norbert"]
[Black "Plachetka, Jan"]
[Result "1/2-1/2"]
[WhiteElo "2391"]
[BlackElo "2373"]
[PlyCount "63"]
[EventDate "2000.11.18"]

1. Nf3 c5 2. c4 g6 3. d4 Nf6 4. Nc3 cxd4 5. Nxd4 Bg7 6. e4 O-O 7. Be2 Nc6 8.
Be3 d6 9. O-O Bd7 10. Qd2 Nxd4 11. Bxd4 Bc6 12. f3 Nd7 13. Be3 a5 14. b3 Nc5
15. Rab1 Qb6 16. Nb5 Rfc8 17. a3 Qd8 18. Nd4 Qe8 19. b4 axb4 20. axb4 Ne6 21.
Nxe6 fxe6 22. c5 Bb5 23. cxd6 Rd8 24. d7 Qxd7 25. Qxd7 Bxd7 26. Rfd1 Ba4 27.
Rxd8+ Rxd8 28. Kf2 Rc8 29. Bc5 Kf7 30. Bd1 b5 31. Bb3 Ra8 32. f4 1/2-1/2

[Event "AUT2o-chT"]
[Site "Lackenbach"]
[Date "2000.11.18"]
[Round "3.2"]
[White "Rogetzer, Klaus"]
[Black "Lanc, Alois"]
[Result "0-1"]
[WhiteElo "2213"]
[BlackElo "2392"]
[PlyCount "68"]
[EventDate "2000.11.18"]

1. d4 d5 2. c4 dxc4 3. e3 Nf6 4. Bxc4 e6 5. Nf3 a6 6. a4 c5 7. O-O Nc6 8. Nc3
cxd4 9. exd4 Nb4 10. Bg5 Be7 11. Qb3 Nc6 12. Qd1 O-O 13. Qe2 Nxd4 14. Nxd4 Qxd4
15. Rfd1 Qc5 16. Bxf6 Bxf6 17. Ne4 Qe5 18. Nxf6+ Qxf6 19. Rd6 Qe7 20. Rad1 Qc7
21. h4 b6 22. h5 h6 23. Qd3 Bb7 24. Ba2 Bd5 25. Bb1 f5 26. Qg3 Rac8 27. Qe5 Qf7
28. f3 Qxh5 29. Rxb6 Qg5 30. Qe2 Rc1 31. Rb4 Rxd1+ 32. Qxd1 Rc8 33. Bc2 Qe3+
34. Kh1 Qc5 0-1

[Event "AUT2o-chT"]
[Site "Lackenbach"]
[Date "2000.11.18"]
[Round "3.3"]
[White "Poecksteiner, Johann"]
[Black "Steiner, Johann"]
[Result "1/2-1/2"]
[WhiteElo "2217"]
[BlackElo "2112"]
[PlyCount "94"]
[EventDate "2000.11.18"]

1. d4 Nf6 2. c4 g6 3. Nc3 Bg7 4. e4 d6 5. Nge2 O-O 6. Ng3 e5 7. d5 Nbd7 8. Be2
a5 9. h4 Nc5 10. h5 Ne8 11. hxg6 hxg6 12. Be3 f5 13. exf5 Bxf5 14. Qd2 Qd7 15.
O-O-O b6 16. Rdg1 a4 17. Nxf5 Qxf5 18. g4 Qd7 19. g5 Qf5 20. Bxc5 bxc5 21. Bg4
Qf4 22. Be6+ Rf7 23. Qxf4 exf4 24. Kc2 Kf8 25. Bxf7 Kxf7 26. Rg4 Be5 27. Rh7+
Ng7 28. Nb5 Rb8 29. b3 axb3+ 30. Kxb3 Kg8 31. Rxg7+ Kxg7 32. a4 Rh8 33. a5 Rh2
34. a6 Rxf2 35. Nxc7 Rb2+ 36. Ka3 Rb1 37. Rg2 Ra1+ 38. Ra2 Rxa2+ 39. Kxa2 f3
40. a7 f2 41. Ne6+ Kh7 42. a8=Q f1=Q 43. Qb7+ Kh8 44. Qc8+ Kh7 45. Qd7+ Kg8 46.
Qe8+ Kh7 47. Qe7+ Kg8 1/2-1/2

[Event "AUT2o-chT"]
[Site "Lackenbach"]
[Date "2000.11.18"]
[Round "3.4"]
[White "Angerer, Michael"]
[Black "Steiner, Heinz"]
[Result "1-0"]
[WhiteElo "2046"]
[BlackElo "2150"]
[PlyCount "69"]
[EventDate "2000.11.18"]

1. e4 c5 2. Nf3 e6 3. c3 Nf6 4. Bd3 d5 5. e5 Ne4 6. Bxe4 dxe4 7. Qa4+ Bd7 8.
Qxe4 Bc6 9. Qe2 Nd7 10. d4 Nb6 11. O-O Qd5 12. Rd1 O-O-O 13. Be3 Be7 14. Nbd2
cxd4 15. Bxd4 g5 16. c4 Qa5 17. Ne4 g4 18. Neg5 Bxg5 19. Nxg5 Rhg8 20. Nxf7 Bf3
21. Bxb6 Rxd1+ 22. Qxd1 Qxb6 23. Qd2 Bc6 24. b4 Rf8 25. c5 Qc7 26. Nd6+ Kb8 27.
a4 Qg7 28. Qd4 Bd5 29. b5 Qg5 30. a5 Qf4 31. Rd1 h5 32. Qxf4 Rxf4 33. Rxd5 exd5
34. e6 Rb4 35. f3 1-0

[Event "AUT2o-chT"]
[Site "Lackenbach"]
[Date "2000.11.18"]
[Round "3.6"]
[White "Wais, Michael"]
[Black "Koller, Hubert"]
[Result "0-1"]
[WhiteElo "2042"]
[BlackElo "2127"]
[PlyCount "65"]
[EventDate "2000.11.18"]

1. Nf3 d5 2. c4 d4 3. b4 f6 4. d3 e5 5. Nbd2 Bxb4 6. Qa4+ Nc6 7. Rb1 Qe7 8. g3
Nh6 9. Bg2 Nf7 10. O-O O-O 11. Ne1 Bxd2 12. Bxd2 Nfd8 13. Bc1 Re8 14. Ba3 Qd7
15. Nc2 Rb8 16. Rb2 b6 17. Rfb1 Na5 18. Qxd7 Bxd7 19. Nb4 c5 20. Nd5 Rc8 21.
Bf3 f5 22. Bh5 Nf7 23. Re1 e4 24. Rbb1 Rc6 25. e3 g6 26. Bd1 exd3 27. Ba4 Kg7
28. Bxc6 Bxc6 29. exd4 Rxe1+ 30. Rxe1 Nxc4 31. Ne7 d2 32. Rd1 Bf3 33. Bb2 0-1

[Event "AUT2o-chT"]
[Site "Lackenbach"]
[Date "2000.11.18"]
[Round "3.2"]
[White "Sandhu, Mario"]
[Black "Groetz, Harald"]
[Result "1-0"]
[WhiteElo "2285"]
[BlackElo "2258"]
[PlyCount "134"]
[EventDate "2000.11.18"]

1. e4 c5 2. Nf3 d6 3. Nc3 Nc6 4. d4 cxd4 5. Nxd4 Nf6 6. Bg5 e6 7. Qd2 a6 8.
O-O-O h6 9. Bh4 Nxe4 10. Qf4 Ng5 11. Nxc6 bxc6 12. Qa4 Qb6 13. Bg3 Rb8 14. h4
Nh7 15. b3 Nf6 16. Bxd6 Bxd6 17. Rxd6 Qxf2 18. Qxc6+ Bd7 19. Qxa6 O-O 20. Bd3
Rfc8 21. Kb2 Qc5 22. Nb1 Bc6 23. Rd1 Ne8 24. Rxc6 Rxc6 25. Qa4 Qe5+ 26. Kc1 Rd6
27. Qe4 Qa5 28. a4 Qc5 29. Nd2 Nf6 30. Qc4 Qa3+ 31. Kb1 Nd5 32. Ne4 Rdd8 33.
Qd4 Nb6 34. Qc5 Qxc5 35. Nxc5 Rd5 36. Na6 Rbd8 37. Re1 Rd4 38. g3 Nd5 39. Kb2
Rg4 40. c4 Rxg3 41. Rd1 Rg2+ 42. Kc1 Rc8 43. Rd2 Rg4 44. Kb2 Ne7 45. b4 e5 46.
Bf1 Rf4 47. Rd1 e4 48. b5 e3 49. Nb4 Rf2+ 50. Kb3 e2 51. Bxe2 Rxe2 52. a5 Re3+
53. Rd3 Rxd3+ 54. Nxd3 g5 55. hxg5 hxg5 56. a6 Kf8 57. b6 Nc6 58. Ka4 Ke7 59.
b7 Rg8 60. Kb5 Kd6 61. Kb6 g4 62. c5+ Kd7 63. Ne5+ Nxe5 64. a7 Nc4+ 65. Kb5 Kc7
66. a8=Q Rb8 67. Kxc4 Rxb7 1-0

[Event "AUT2o-chT"]
[Site "Lackenbach"]
[Date "2000.11.18"]
[Round "3.3"]
[White "Wiedermann, Franz"]
[Black "Pingitzer, Harald"]
[Result "1/2-1/2"]
[WhiteElo "2169"]
[BlackElo "2278"]
[PlyCount "48"]
[EventDate "2000.11.18"]

1. d4 Nf6 2. c4 e6 3. g3 d5 4. Bg2 dxc4 5. Nf3 Nbd7 6. Qa4 a6 7. Nc3 c5 8. Qxc4
b5 9. Qb3 Bb7 10. O-O cxd4 11. Nxd4 Bxg2 12. Kxg2 Nc5 13. Qd1 b4 14. Na4 Qd5+
15. f3 Rd8 16. Nxc5 Bxc5 17. Qa4+ Qd7 18. Qxd7+ Rxd7 19. Nb3 Be7 20. e4 O-O 21.
Be3 Rd3 22. Kf2 Nd7 23. Ke2 Rd6 24. Rfd1 Ne5 1/2-1/2

[Event "AUT2o-chT"]
[Site "Lackenbach"]
[Date "2000.11.18"]
[Round "3.4"]
[White "Schwab, Rene"]
[Black "Voegel, Wolfgang"]
[Result "1/2-1/2"]
[WhiteElo "2277"]
[BlackElo "2174"]
[PlyCount "156"]
[EventDate "2000.11.18"]

1. e4 c6 2. d4 d5 3. Nd2 g6 4. c3 Bg7 5. h3 Be6 6. Ngf3 f6 7. Be2 Nh6 8. O-O
O-O 9. a4 Nd7 10. Qb3 Qb6 11. Qa3 Rad8 12. a5 Qc7 13. Re1 Qd6 14. exd5 Bxd5 15.
Bc4 Qxa3 16. Rxa3 Nf7 17. Bxd5 cxd5 18. Rb3 Nd6 19. Re6 b6 20. Nf1 Kf7 21. Re2
Nc4 22. axb6 Ndxb6 23. Ne3 Rb8 24. Rb5 e6 25. b3 Nxe3 26. fxe3 Rfc8 27. Rc2 Bf8
28. Ra5 Rb7 29. Bb2 Nd7 30. Rf2 Bh6 31. Re2 Rxb3 32. Rxa7 Ke8 33. Ba1 Ke7 34.
Kf2 Rcb8 35. e4 dxe4 36. Rxe4 R8b7 37. Rxb7 Rxb7 38. c4 Bg7 39. Re2 Rb1 40. Ra2
Rc1 41. c5 e5 42. Ke3 exd4+ 43. Bxd4 Nxc5 44. Bb2 Bh6+ 45. Ke2 Rc4 46. Ra7+ Nd7
47. Bxf6+ Kxf6 48. Rxd7 Rc2+ 49. Kf1 Be3 50. Rd3 Bc5 51. Nd2 h5 52. Rd5 Be3 53.
Ne4+ Kg7 54. Rd7+ Kf8 55. Rd3 Bc1 56. Rf3+ Kg7 57. Rd3 Rc4 58. Rd7+ Kf8 59. Nf2
Be3 60. Nd3 Rd4 61. Rxd4 Bxd4 62. Ke2 Kg7 63. Kf3 Bc3 64. Ke4 Kf6 65. Nf4 Bd2
66. Nd5+ Ke6 67. Nb6 Bc1 68. Nc4 Kf6 69. Ne5 Bb2 70. Nd3 Bc3 71. Ke3 Kf5 72.
Nf2 Be1 73. Ne4 Bb4 74. Kf3 Be7 75. Ng3+ Ke5 76. Nf1 Bc5 77. g4 hxg4+ 78. Kxg4
Be7 1/2-1/2

[Event "AUT2o-chT"]
[Site "Lackenbach"]
[Date "2000.11.18"]
[Round "3.5"]
[White "Pernerstorfer, Johannes"]
[Black "Schuh, Franz"]
[Result "1-0"]
[WhiteElo "2165"]
[BlackElo "2256"]
[PlyCount "67"]
[EventDate "2000.11.18"]

1. e4 c5 2. Nf3 e6 3. d4 cxd4 4. Nxd4 Nf6 5. Nc3 a6 6. Bd3 Qc7 7. O-O d6 8. Kh1
Be7 9. f4 Nc6 10. Be3 Bd7 11. a4 O-O 12. Nb3 Na5 13. Nxa5 Qxa5 14. Qe1 Qc7 15.
a5 Bc6 16. Qg3 g6 17. f5 e5 18. Bh6 Nh5 19. Qg4 Nf6 20. Qh3 Rfe8 21. Rf3 d5 22.
exd5 Bxd5 23. fxg6 Bxf3 24. gxh7+ Kh8 25. gxf3 e4 26. Rg1 Bf8 27. Bxf8 Rxf8 28.
Qh6 Ng4 29. Rxg4 f5 30. Rg8+ Rxg8 31. hxg8=Q+ Kxg8 32. Nd5 Qxa5 33. Qe6+ Kh8
34. Qe5+ 1-0

[Event "AUT2o-chT"]
[Site "Lackenbach"]
[Date "2000.11.18"]
[Round "3.6"]
[White "Karlusch, Albrecht"]
[Black "Schirmbeck, Hannes"]
[Result "0-1"]
[WhiteElo "2154"]
[BlackElo "2159"]
[PlyCount "120"]
[EventDate "2000.11.18"]

1. e4 e5 2. Nf3 Nc6 3. Bb5 a6 4. Bxc6 dxc6 5. O-O Ne7 6. Nxe5 Qd4 7. Nf3 Qxe4
8. Re1 Qg6 9. Ne5 Qf5 10. d4 h5 11. Nd3 Qg6 12. Nc3 Bf5 13. Re3 f6 14. Ne2
O-O-O 15. c4 Bg4 16. f3 Bd7 17. b3 Qf7 18. Nf2 g5 19. Ne4 Nf5 20. Rd3 Bh6 21.
Nc5 Rhe8 22. Nxd7 Rxd7 23. Ng3 Rde7 24. Ba3 Nd6 25. Bxd6 cxd6 26. Nf5 Rd7 27.
g4 Bf8 28. d5 c5 29. h3 Re5 30. Kf2 Qe8 31. Qd2 Rh7 32. Re1 hxg4 33. fxg4 Kd7
34. Rde3 Qd8 35. Kg3 Be7 36. Kg2 Qf8 37. Rh1 Bd8 38. Qd3 Qg8 39. Rhe1 Ba5 40.
R1e2 Rh8 41. Ng3 Qh7 42. Qxh7+ Rxh7 43. Nf5 Bc3 44. Rxe5 Bxe5 45. Re1 Kc7 46.
Ng3 Kb6 47. Re2 Ka5 48. a3 b5 49. cxb5 axb5 50. Ne4 c4 51. Re3 Rc7 52. bxc4
bxc4 53. Nc3 Rb7 54. Kf3 Bd4 55. Ke2 Bxe3 56. Kxe3 Rh7 57. Kd4 Rxh3 58. Kxc4
Rg3 59. Ne4 Rxg4 60. Kd3 Rxe4 0-1

[Event "AUT2o-chT"]
[Site "Lackenbach"]
[Date "2000.11.18"]
[Round "3.1"]
[White "Rotstein, Arkadij"]
[Black "Alvir, Aco"]
[Result "1/2-1/2"]
[WhiteElo "2492"]
[BlackElo "2399"]
[PlyCount "88"]
[EventDate "2000.11.18"]

1. c4 g6 2. g3 Bg7 3. Bg2 Nf6 4. Nc3 O-O 5. e4 c5 6. Nge2 Nc6 7. d3 d6 8. O-O
Bd7 9. h3 Rb8 10. Be3 a6 11. a4 Ne8 12. d4 cxd4 13. Nxd4 Nc7 14. Nde2 b5 15.
axb5 axb5 16. c5 dxc5 17. Bxc5 b4 18. Na4 Ne6 19. Be3 Ne5 20. b3 Bb5 21. Ra2
Qc7 22. Qb1 Rfc8 23. Rd1 Nc6 24. Nf4 Nxf4 25. Bxf4 e5 26. Be3 Nd4 27. Bf1 Bxf1
28. Kxf1 Nc2 29. Bc5 Na3 30. Qd3 Bf8 31. Be3 h5 32. Rad2 Nb5 33. Qd7 Qxd7 34.
Rxd7 Nc3 35. Re1 Nxa4 36. bxa4 b3 37. Rb1 Bc5 38. Bxc5 Rxc5 39. Rd5 Rc4 40. a5
b2 41. Ke2 Rxe4+ 42. Kd3 Ra4 43. Rxe5 Kg7 44. Kc3 Ra8 1/2-1/2

[Event "AUT2o-chT"]
[Site "Lackenbach"]
[Date "2000.11.18"]
[Round "3.2"]
[White "Dueckstein, Andreas"]
[Black "Lau, Ralf"]
[Result "1/2-1/2"]
[WhiteElo "2313"]
[BlackElo "2498"]
[PlyCount "32"]
[EventDate "2000.11.18"]

1. e4 c5 2. Nf3 e6 3. c3 d5 4. exd5 Qxd5 5. d4 Nf6 6. Be3 cxd4 7. cxd4 Be7 8.
Nc3 Qd6 9. Bd3 Nc6 10. O-O O-O 11. Qe2 Nb4 12. Bc4 b6 13. Rad1 Bb7 14. Ne5 Nbd5
15. Nxd5 Bxd5 16. Rc1 Rac8 1/2-1/2

[Event "AUT2o-chT"]
[Site "Lackenbach"]
[Date "2000.11.18"]
[Round "3.3"]
[White "Weber, Gerold"]
[Black "Stuhlik, Marko"]
[Result "1-0"]
[WhiteElo "2383"]
[BlackElo "2237"]
[PlyCount "71"]
[EventDate "2000.11.18"]

1. d4 d6 2. c4 g6 3. e4 Bg7 4. Nc3 c6 5. Nf3 Na6 6. Be2 Nh6 7. Bf4 f6 8. h3 e5
9. Be3 Nf7 10. O-O O-O 11. dxe5 dxe5 12. Qa4 Qe7 13. c5 Nc7 14. Rfe1 Ne6 15. b4
Nf4 16. Bf1 Bd7 17. Rab1 Rfc8 18. Qc2 Bf8 19. Kh2 Kh8 20. Rbd1 Rd8 21. Nd2 Be8
22. Nc4 Ne6 23. Qc1 Rxd1 24. Rxd1 Rd8 25. Rxd8 Qxd8 26. Kg1 Be7 27. Qa3 Qb8 28.
Qb2 Qc7 29. Nd5 cxd5 30. exd5 Nxc5 31. bxc5 Bxc5 32. Bxc5 Qxc5 33. Qxb7 Nd8 34.
Qb8 Qe7 35. Nd6 Ba4 36. Qxd8+ 1-0

[Event "AUT2o-chT"]
[Site "Lackenbach"]
[Date "2000.11.18"]
[Round "3.4"]
[White "Jelinek, Petr"]
[Black "Wukits, Rene"]
[Result "1/2-1/2"]
[WhiteElo "2162"]
[BlackElo "2347"]
[PlyCount "47"]
[EventDate "2000.11.18"]

1. d4 Nf6 2. Nf3 e6 3. g3 c5 4. Bg2 cxd4 5. O-O Nc6 6. Nxd4 a6 7. Nxc6 bxc6 8.
c4 Be7 9. e4 e5 10. Nc3 O-O 11. h3 d6 12. b3 Ra7 13. Be3 Rd7 14. Qe2 Bb7 15.
Rfd1 g6 16. Rd2 Ne8 17. Rad1 Nc7 18. Na4 Qb8 19. c5 Ne6 20. Qc4 Rdd8 21. b4
dxc5 22. Bxc5 Rxd2 23. Rxd2 Rd8 24. Rxd8+ 1/2-1/2

[Event "AUT2o-chT"]
[Site "Lackenbach"]
[Date "2000.11.18"]
[Round "3.5"]
[White "Wallner, Alfred"]
[Black "Lovrinovic, Christian"]
[Result "1-0"]
[WhiteElo "2226"]
[BlackElo "2169"]
[PlyCount "73"]
[EventDate "2000.11.18"]

1. e4 c5 2. Nf3 d6 3. d4 cxd4 4. Nxd4 Nf6 5. Nc3 g6 6. Be3 Bg7 7. f3 Nc6 8. Qd2
O-O 9. Bc4 Bd7 10. h4 Ne5 11. Bb3 h5 12. O-O-O Rc8 13. Bh6 Nc4 14. Bxc4 Rxc4
15. Bxg7 Kxg7 16. g4 Rh8 17. g5 Ne8 18. Rhe1 Be6 19. e5 d5 20. Nce2 Ra4 21. a3
Nc7 22. Nf4 Rf8 23. Re3 Qd7 24. Rb3 Rb8 25. Qd3 Bf5 26. Qe3 Be6 27. Qe2 b5 28.
Rc3 Rb7 29. Kb1 b4 30. Rxc7 Rxc7 31. Ndxe6+ fxe6 32. Qd3 Qe8 33. Nxe6+ Kh7 34.
Nxc7 Qb8 35. Na6 Qxe5 36. Nxb4 a5 37. Qb5 1-0

[Event "AUT2o-chT"]
[Site "Lackenbach"]
[Date "2000.11.18"]
[Round "3.6"]
[White "Monschein, Wolfgang"]
[Black "Schwaninger, Wolfgang"]
[Result "0-1"]
[WhiteElo "2107"]
[BlackElo "2108"]
[PlyCount "77"]
[EventDate "2000.11.18"]

1. e4 g6 2. f4 Bg7 3. Nf3 c5 4. Nc3 Nc6 5. d3 d6 6. g3 Nh6 7. h3 f5 8. Bg2 Nf7
9. O-O O-O 10. Be3 Qa5 11. Qd2 Bd7 12. exf5 gxf5 13. a3 Rac8 14. Rfb1 a6 15. b4
cxb4 16. axb4 Qd8 17. Ra3 e6 18. Na4 Qe7 19. Nb6 Rc7 20. c4 Ncd8 21. d4 Bc6 22.
d5 exd5 23. cxd5 Bb5 24. Re1 Nh6 25. Bc5 Qf6 26. Bd4 Qg6 27. Ng5 Re8 28. Ne6
Nxe6 29. dxe6 Rc2 30. Qxc2 Bxd4+ 31. Kh2 Bxb6 32. Bxb7 Qf6 33. Bxa6 Bxa6 34.
Rxa6 Qd4 35. Qa2 d5 36. b5 Rxe6 37. Rf1 Qd3 38. Ra8+ Kg7 39. Kh1 0-1

[Event "AUT2o-chT"]
[Site "Lackenbach"]
[Date "2000.11.18"]
[Round "3.1"]
[White "Tibensky, Robert"]
[Black "Varga, Zoltan"]
[Result "0-1"]
[WhiteElo "2414"]
[BlackElo "2541"]
[PlyCount "70"]
[EventDate "2000.11.18"]

1. c4 e5 2. g3 Nf6 3. Bg2 d5 4. cxd5 Nxd5 5. Nc3 Nb6 6. Nf3 Nc6 7. O-O Be7 8.
e3 O-O 9. d4 exd4 10. exd4 Bf5 11. a3 Bf6 12. d5 Ne7 13. Nd4 Bg6 14. Ndb5 c6
15. dxc6 bxc6 16. Nd6 Bxc3 17. bxc3 Ned5 18. Ne4 Re8 19. Re1 Qc7 20. Bd2 Nc4
21. Qa4 Ndb6 22. Qc2 Nxd2 23. Qxd2 Rad8 24. Qa2 Re5 25. f4 Red5 26. Nf2 Rc5 27.
Qb3 Nd5 28. c4 Qb6 29. Qa4 Ra5 30. Qd1 Nxf4 31. Qd7 f6 32. Qg4 Nd3 33. Re2 Re5
34. Rd2 Bh5 35. Qh3 Be2 0-1

[Event "AUT2o-chT"]
[Site "Lackenbach"]
[Date "2000.11.18"]
[Round "3.2"]
[White "Schweda, Roland"]
[Black "Wallner, Joachim"]
[Result "1-0"]
[WhiteElo "2362"]
[BlackElo "2272"]
[PlyCount "93"]
[EventDate "2000.11.18"]

1. d4 d5 2. c4 c6 3. Nf3 Nf6 4. Qc2 dxc4 5. Qxc4 Bf5 6. Nc3 e6 7. g3 Nbd7 8.
Bg2 Be7 9. O-O O-O 10. Qb3 Qb6 11. Qxb6 Nxb6 12. Ne5 Bb4 13. a3 Bxc3 14. bxc3
Be4 15. f3 Bc2 16. e4 Nfd7 17. Rf2 Ba4 18. Nxd7 Nxd7 19. Rb1 b6 20. Bf1 c5 21.
Ba6 e5 22. Be3 cxd4 23. cxd4 exd4 24. Bxd4 Rad8 25. Rb4 Bc6 26. Bf1 Bb7 27. Ra4
a6 28. Rb4 b5 29. a4 Bc6 30. axb5 axb5 31. Bxb5 Rb8 32. Rfb2 Bxb5 33. Rxb5 Rxb5
34. Rxb5 Rb8 35. Rd5 Nf8 36. f4 Ne6 37. Kf2 Nxd4 38. Rxd4 Rb2+ 39. Ke3 Kf8 40.
h4 h5 41. f5 f6 42. Rd8+ Kf7 43. Rh8 Rb5 44. Rxh5 Kg8 45. g4 Rb1 46. g5 Rh1 47.
g6 1-0

[Event "AUT2o-chT"]
[Site "Lackenbach"]
[Date "2000.11.18"]
[Round "3.3"]
[White "Steiner, Bruno"]
[Black "Stranz, Richard"]
[Result "1-0"]
[WhiteElo "2236"]
[BlackElo "2254"]
[PlyCount "53"]
[EventDate "2000.11.18"]

1. e4 c5 2. Nf3 e6 3. d4 cxd4 4. Nxd4 Nf6 5. Nc3 Bb4 6. e5 Nd5 7. Qg4 O-O 8.
Bh6 g6 9. Qg3 Qa5 10. Bd2 d6 11. Nb3 Qb6 12. h4 Nc6 13. exd6 Rd8 14. h5 Bxd6
15. Qh3 Be5 16. hxg6 hxg6 17. O-O-O Bg7 18. Bc4 Nf6 19. Bh6 e5 20. Rxd8+ Qxd8
21. Qh4 Bf5 22. Bxg7 Nh5 23. Qxd8+ Rxd8 24. Bh6 Nb4 25. f3 Bxc2 26. a3 Bd3 27.
Rd1 1-0

[Event "AUT2o-chT"]
[Site "Lackenbach"]
[Date "2000.11.18"]
[Round "3.4"]
[White "Krpelan, Wolfgang"]
[Black "Fusi, Christoph"]
[Result "1/2-1/2"]
[WhiteElo "2169"]
[BlackElo "2275"]
[PlyCount "78"]
[EventDate "2000.11.18"]

1. d4 d5 2. Nf3 Nf6 3. Bf4 Bf5 4. e3 e6 5. Nbd2 c5 6. Bxb8 Rxb8 7. Bb5+ Ke7 8.
dxc5 Qa5 9. Nd4 Bg6 10. a3 e5 11. b4 Qc7 12. N4b3 Rd8 13. O-O h5 14. f4 Ng4 15.
Re1 f6 16. Nf3 Bf7 17. Qd2 e4 18. Nfd4 Nh6 19. Na5 f5 20. Qf2 Kf6 21. Nxb7 Rb8
22. c6 Be7 23. Be2 Ng4 24. Bxg4 hxg4 25. Qd2 Kg6 26. Na5 Qc8 27. c7 Qxc7 28.
Nac6 Rbc8 29. Ne5+ Kf6 30. Nxf7 Kxf7 31. Nxf5 Rcd8 32. Nxe7 Qxe7 33. c3 Rh5 34.
Re2 Rc8 35. Qd4 Rc4 36. Qd2 Qf6 37. Rd1 Qa6 38. Ra1 Qf6 39. Rd1 Qa6 1/2-1/2

[Event "AUT2o-chT"]
[Site "Lackenbach"]
[Date "2000.11.18"]
[Round "3.5"]
[White "Zetthofer, Gerald"]
[Black "Ranits, Franz"]
[Result "1-0"]
[WhiteElo "2242"]
[BlackElo "2231"]
[PlyCount "81"]
[EventDate "2000.11.18"]

1. Nf3 g6 2. c4 Bg7 3. Nc3 d6 4. g3 e5 5. Bg2 f5 6. d3 Nf6 7. O-O O-O 8. Rb1 a5
9. a3 Nh5 10. Bg5 Qe8 11. Nd5 Rf7 12. Bd2 h6 13. e3 Be6 14. Nh4 Kh7 15. Bf3 Nf6
16. Nxf6+ Bxf6 17. Bxb7 Ra7 18. Bg2 g5 19. Nf3 Nc6 20. Qc2 g4 21. Ne1 h5 22. f3
Kg8 23. b4 axb4 24. axb4 Rh7 25. b5 Ne7 26. e4 f4 27. gxf4 exf4 28. Bxf4 Bd4+
29. Kh1 Ng6 30. Bc1 h4 31. fxg4 h3 32. Bf3 Ne5 33. Qe2 Rg7 34. Be3 Bxe3 35.
Qxe3 Ra2 36. Rf2 Rxf2 37. Qxf2 Bxg4 38. Bxg4 Nxg4 39. Qf5 Qa8 40. Nc2 Qa2 41.
Ra1 1-0

[Event "AUT2o-chT"]
[Site "Lackenbach"]
[Date "2000.11.18"]
[Round "3.6"]
[White "Froschauer, Hans"]
[Black "Knoflicek, Ctibor"]
[Result "0-1"]
[WhiteElo "2179"]
[BlackElo "2156"]
[PlyCount "38"]
[EventDate "2000.11.18"]

1. e4 e6 2. d4 d5 3. Nd2 Nf6 4. e5 Nfd7 5. Ngf3 c5 6. c3 Nc6 7. a3 f6 8. exf6
Qxf6 9. Nb3 h6 10. Be3 cxd4 11. cxd4 Bd6 12. Rc1 O-O 13. Bb5 e5 14. dxe5 Ndxe5
15. Qxd5+ Be6 16. Qxd6 Rad8 17. Qc5 Rd5 18. Nxe5 Rxe5 19. Qc3 Qxf2+ 0-1

[Event "AUT2o-chT"]
[Site "Lackenbach"]
[Date "2000.11.18"]
[Round "3.1"]
[White "Balinov, Ilia"]
[Black "Vlcek, Stanislav"]
[Result "1-0"]
[WhiteElo "2453"]
[BlackElo "2326"]
[PlyCount "79"]
[EventDate "2000.11.18"]

1. e4 c5 2. Ne2 d6 3. d4 cxd4 4. Nxd4 Nf6 5. Nc3 a6 6. Rg1 b5 7. g4 Bb7 8. Bg2
Nfd7 9. Be3 e6 10. g5 Be7 11. Qh5 g6 12. Qh6 Bf8 13. Qh3 Bg7 14. O-O-O O-O 15.
e5 Bxg2 16. Qxg2 d5 17. Nxd5 exd5 18. Qxd5 Qa5 19. Qxa8 Qxa2 20. b3 Nxe5 21.
Qd5 Nbd7 22. Kd2 Nb6 23. Qb7 Qa5+ 24. Ke2 b4 25. Ra1 Qc5 26. Rxa6 Nd5 27. Rga1
Nxe3 28. fxe3 Ng4 29. Qe4 Nxh2 30. R1a5 Qc8 31. Ra8 Qh3 32. Rxf8+ Bxf8 33. Ra8
Qf1+ 34. Kd2 Qf2+ 35. Kc1 Nf1 36. Re8 Qe1+ 37. Kb2 Qc3+ 38. Ka2 Nd2 39. Qc6
Qxc6 40. Nxc6 1-0

[Event "AUT2o-chT"]
[Site "Lackenbach"]
[Date "2000.11.18"]
[Round "3.2"]
[White "Schneider-Zinner, Harald"]
[Black "Brandner, Stefan"]
[Result "1/2-1/2"]
[WhiteElo "2285"]
[BlackElo "2344"]
[PlyCount "98"]
[EventDate "2000.11.18"]

1. Nf3 Nc6 2. d4 d5 3. Bf4 Bg4 4. e3 e6 5. Be2 Bd6 6. Ne5 Bxe2 7. Qxe2 Bxe5 8.
Bxe5 Nxe5 9. dxe5 Ne7 10. O-O O-O 11. c4 c6 12. Nc3 Ng6 13. f4 dxc4 14. Qxc4
Qb6 15. Qe2 Rad8 16. g3 Qb4 17. Rad1 b5 18. Rd2 Rxd2 19. Qxd2 Qa5 20. Rd1 b4
21. Ne4 Qd5 22. Qxd5 cxd5 23. Nd6 f6 24. exf6 Rxf6 25. Rc1 e5 26. Rc8+ Nf8 27.
fxe5 Re6 28. Re8 Rxe8 29. Nxe8 Ne6 30. Nd6 Kf8 31. Kf1 Ng5 32. Ke2 a6 33. Nf5
Nf7 34. e6 Ne5 35. h3 g6 36. Nd4 Ke7 37. b3 Kd6 38. e4 dxe4 39. Ke3 Nd3 40.
Kxe4 Nc1 41. e7 Kxe7 42. Nc6+ Kd6 43. Nxb4 a5 44. Nd3 Nxa2 45. Kd4 Ke6 46. Nc5+
Kf5 47. Nb7 Nc1 48. g4+ Kg5 49. Nxa5 Nxb3+ 1/2-1/2

[Event "AUT2o-chT"]
[Site "Lackenbach"]
[Date "2000.11.18"]
[Round "3.4"]
[White "Bachofner, Andreas"]
[Black "Hardt, Christian"]
[Result "1-0"]
[WhiteElo "2179"]
[BlackElo "2205"]
[PlyCount "53"]
[EventDate "2000.11.18"]

1. Nf3 Nf6 2. b3 g6 3. Bb2 Bg7 4. c4 O-O 5. e3 d6 6. Be2 e5 7. d3 c6 8. O-O Na6
9. Nc3 Nh5 10. Nd2 Qh4 11. Nde4 Rd8 12. g3 Qe7 13. Bxh5 d5 14. cxd5 cxd5 15.
Nxd5 Rxd5 16. Bf3 Qd8 17. Qe2 Rxd3 18. Rfd1 Rxd1+ 19. Rxd1 Qa5 20. Nd6 Nc5 21.
Rd5 e4 22. Nxe4 Bxb2 23. Qxb2 Qe1+ 24. Kg2 Ne6 25. Nf6+ Kg7 26. Ng4+ Kf8 27.
Qh8+ 1-0